[Event "EU-ch 19th"]
[Site "Batumi"]
[Date "2018.03.25"]
[Round "8"]
[White "Nabaty, Tamir"]
[Black "Rakhmanov, Alexander"]
[Result "1-0"]
[WhiteElo "2690"]
[BlackElo "2655"]
[Annotator "Sumets,A"]
[PlyCount "101"]
[EventDate "2018.03.17"]
[EventType "swiss"]
[EventRounds "11"]
[EventCountry "GEO"]
[SourceTitle "CBM 184"]
[Source "ChessBase"]
[SourceDate "2018.05.16"]
[SourceVersion "1"]
[SourceVersionDate "2018.05.16"]
[SourceQuality "1"]

1. d4 d5 2. Bf4 e6 3. e3 Nf6 4. Nf3 Bd6 5. Bxd6 Qxd6 6. c4 {In my opinion,
this is a harmless move. The resulting position reminds one of the Queen's
Gambit Declined but Black has already traded the dark-squared bishops; that's
in his favour. However Tamir Nabaty has good results after 6.c4.} (6. Nbd2 {
A flexible move. White wants to have the choice between c3 and c4. I believe
that after c4 White's knight should be on c3.} O-O 7. Be2 c5 8. dxc5 Qxc5 9.
O-O Nc6 10. c4 dxc4 11. Nxc4 Rd8 12. Qc1 Bd7 13. Nce5 Qxc1 14. Raxc1 Nxe5 15.
Nxe5 Rac8 $11 {0-1 (52) Demidov,M (2523)-Fressinet,L (2662) Katowice POL 2017})
6... c5 {This move is not a novelty but it hasn't been seem in GM games before.
I believe that Alexander prepared this variation at home. Black wants to trade
c- and d-pawns.} (6... O-O 7. Nc3 b6 (7... Nbd7 8. Nb5 ({The computer's
recommendation} 8. c5 Qe7 9. b4 e5 10. Be2 {seems to be an interesting
continuation but up to the moment, it hasn't been examined in GM games.}) 8...
Qb4+ 9. Qd2 Qxd2+ 10. Nxd2 c5 (10... c6 11. Nc3 e5 12. dxe5 Nxe5 13. cxd5 Nxd5
14. Nxd5 cxd5 15. Nb3 Be6 16. Be2 Rac8 17. Nd4 $14) 11. dxc5 Nxc5 12. Rc1 dxc4
{This move leads to a worse position.} (12... Bd7 $1 13. Nd6 (13. cxd5 $6 Rfc8
14. Rb1 Nxd5 $15) 13... Ne8 14. Nxe8 Rfxe8 $11) 13. Nxc4 Rd8 14. b4 Na4 15. Be2
Nd5 16. a3 a6 17. Nd4 Bd7 18. Na5 (18. Bf3 $5 Be8 19. O-O {White is slightly
better.}) 18... b6 19. Nac6 Bxc6 20. Nxc6 Rd6 21. Bxa6 $1 Nac3 (21... Nb2 $5) (
21... Rxa6 $2 22. Nb8 $1 $18) 22. b5 Rxa6 $2 (22... Kf8 $1 23. f3 Na4 24. Kf2
Nc5 25. Ne5 (25. Rhd1 Rxc6 26. bxc6 Nxa6 27. e4 Ndc7 28. Rb1 Nc5 29. Rxb6 Ke7
$11) 25... Nxa6 26. bxa6 Rxa6 27. Rhd1 b5 28. e4 f6 $11) 23. bxa6 Rxc6 24. a7
$18 {Nabaty,T (2658)-Zifroni,D (2440) 1-0 (28) Israel ISR 2018}) (7... c5 8.
cxd5 exd5 9. dxc5 Qxc5 10. Be2 $14) 8. Rc1 Ba6 9. Qa4 c5 10. Be2 Rc8 (10...
cxd4 11. Nxd4 Bxc4 12. Bxc4 dxc4 13. Qxc4 a6 14. O-O b5 15. Qd3 Ra7 16. Rfd1
Rc7 {Black still has to play precisely to equalise.}) 11. cxd5 Bxe2 12. Kxe2
exd5 13. dxc5 bxc5 14. Rhd1 Nbd7 15. Kf1 Ne5 16. Nxe5 Qxe5 $11 {Nabaty,T (2661)
-Paichadze,L (2580) Hersonissos GRE 2017 1/2 (65)}) (6... b6 7. cxd5 exd5 8.
Nc3 O-O 9. Rc1 (9. Bd3 c5 10. O-O Bg4 11. Be2 Nbd7 12. h3 Bf5 13. Rc1 Rfe8 14.
Nb5 Qb8 15. Nc3 (15. Nh4 $5 Be6 16. f4 Nf8 17. dxc5 bxc5 18. Rxc5 Qb6 $44)
15... Qd6 16. Nb5 $11 {Matlakov,M (2689)-Zhigalko,S (2656) Berlin 2015 1-0 (43)
}) 9... a6 (9... c6 10. Be2 Bg4 11. O-O Nbd7 12. Qc2 Rfe8 13. Rfd1 h6 14. a3
Rac8 15. h3 Bh5 16. Nh4 Bxe2 17. Qxe2 a5 18. Nf5 Qe6 19. Qf3 Kh7 $11 {Gasanov,
E (2503)-Socko, B (2587) Moscow 2016 1/2 (58)}) 10. Bd3 (10. Qc2 Bb7 11. Bd3
Nbd7 12. O-O Rfe8 13. Na4 Rac8 14. Nc5 $1 {This spectacular move is the best
chance to get an advantage.} bxc5 15. dxc5 Qc6 (15... Qxc5 16. Qxc5 Nxc5 17.
Rxc5 Nd7 18. Ra5 g6 19. b4 c5 20. bxc5 Rxc5 21. Rxc5 Nxc5 22. Be2 $14) (15...
Qf8 $5 16. c6 Bxc6 17. Qxc6 Re6 18. Qc2 g6 19. Nd4 Rb6 20. Nc6 Qd6 $13) 16. Nd4
Qxc5 17. Qxc5 Nxc5 18. Rxc5 Nd7 19. Ra5 c5 20. Bf5 Red8 21. Nb3 $14 {Berg,E 
(2557)-Grandelius,N (2642) Stockholm 2017 1/2 (70)}) 10... Bb7 (10... c5 11.
dxc5 bxc5 12. O-O Bb7 13. Qb3 $6 Bc6 $6 (13... Nbd7 $1 14. Qxb7 $2 Rfb8 $17)
14. Qa3 Nbd7 15. Bf5 Rfd8 16. Rfd1 Nb6 17. b3 d4 $5 18. Ne2 $1 (18. exd4 Bxf3
19. gxf3 Qf4 $44) 18... Bxf3 19. gxf3 g6 20. Bh3 Qd5 $2 (20... Nbd5 21. Qxc5
Qxc5 22. Rxc5 dxe3 23. fxe3 Nxe3 $11) 21. Bg2 Rac8 22. exd4 $16 {1-0 (72)
Fedoseev,V (2718)-Akobian,V (2647) Riyadh KSA 2017}) 11. O-O Nbd7 12. Qb3 (12.
Ne2 c6 13. Ng3 g6 14. Nd2 Qe6 15. Re1 b5 $6 16. f4 (16. Nb3 $5 a5 17. Qd2 $16)
16... Qd6 17. Nf3 Rae8 18. Qc2 Ng4 19. Ne5 Ngxe5 20. fxe5 Qe6 $6 (20... Qe7 21.
Ne2 f6 $11) 21. Rf1 (21. Ne2 $1 c5 22. Nf4 Qe7 23. Qf2 $14) 21... f5 $2 (21...
c5 $1) 22. Rf4 $16 {1-0 (70) Horvath,G (2280)-Hovorka,T Szekszard 1997}) 12...
g6 13. Rfd1 Kg7 14. a3 Rfe8 15. Bf1 Rab8 16. Qa4 c6 17. g3 a5 18. Nd2 $13 {
Nabaty,T (2661) -Nevednichy,V (2524) Hersonissos GRE 2017 1/2 (53)}) 7. cxd5
Nxd5 8. e4 ({As an improvement White can try} 8. Qc1 $5 Nd7 9. e4 Ne7 (9... Nf4
10. Nc3 (10. e5 $5 Qb6 11. dxc5 Qb4+ 12. Nc3 Ng6 13. Be2 O-O 14. O-O Qxc5 15.
Nb5 Qxc1 16. Raxc1 Ngxe5 17. Rfd1 $44) 10... Ng6 11. Qe3 cxd4 12. Nxd4 a6 13.
Rd1 Qc5 14. h4 $14) 10. dxc5 Nxc5 11. Nc3 O-O 12. Qe3 Qb6 13. Be2 Qxb2 14. O-O
$44 {White has good compensation for the sacrificed pawn.}) 8... Ne7 9. Na3 O-O
10. Nc4 Qf4 11. dxc5 $5 {The only way to fight for an advantage.} ({After} 11.
e5 b6 12. dxc5 bxc5 13. Be2 Bb7 14. O-O Bd5 {Black's position is not worse.})
11... Qxe4+ 12. Be2 Na6 $5 {An ambitious move.} ({Black is not forced to
sacrifice the knight. He could have played} 12... Nbc6 13. O-O Qf5 14. Rc1 Qxc5
15. Bd3 {According to my computer, White has enough compensation for the
sacrificed pawn.} Rd8 16. Nce5 Qb6 17. Nxf7 $1 {This leads to a draw.} Kxf7 18.
Ng5+ Ke8 $8 19. Qh5+ g6 (19... Kd7 $2 20. Qf7 $16) 20. Bxg6+ hxg6 21. Qh8+ Kd7
22. Rfd1+ Nd5 23. Qh7+ Nce7 24. Rxd5+ exd5 25. Qh3+ Nf5 26. Qh7+ Ne7 27. Qh3+
Ke8 28. Qh8+ Kd7 29. Qh3+ $11) 13. Rc1 Nxc5 14. Qd6 $1 ({Tamir takes the
sacrificed knight. The positions which have arisen are too complicated.
According to my computer Black's chances are better.} 14. O-O {I don't that
White will have enough compensation for the sacrificed pawn.} Nd5 15. Ncd2 Qb4
16. a3 Qb6 $8 17. b4 (17. Nc4 Qd8 18. Ne3) 17... Nd7 18. Nc4 Qd8 19. Na5 $5 (
19. Qd4 b6 $15) 19... N7f6 20. Qb3 b6 21. Nc6 Qd6 {White doesn't have enough
compensation for the sacrificed pawn.}) 14... b6 15. Qxe7 Nd3+ 16. Kd2 Nf4 $1 {
This seems to be stronger than 16...Nxc1.} ({Black's chances are not worse
after} 16... Nxc1 17. Rxc1 Ba6 18. b3 Rac8 19. Qa3 Qf4+ {According to my
computer this leads to a draw after} (19... Bb7 $5 20. Ke1 Rfd8 21. Kf1 Qf4 22.
Ne3 Rxc1+ 23. Qxc1 Qd6 $13) 20. Ke1 Bb7 21. Rd1 Bxf3 22. Bxf3 Qxh2 23. Qxa7
Rfd8 24. Rxd8+ Rxd8 25. Qxb6 Qg1+ 26. Ke2 Qd1+ 27. Ke3 Qc1+ 28. Ke2 Qd1+ $11)
17. Ne3 $8 Ba6 $1 {The key move, now White is in danger.} 18. Bxa6 $8 Rfd8+ 19.
Ke1 Nxg2+ 20. Ke2 Nf4+ 21. Kf1 $8 Qxf3 22. Rg1 Rac8 $5 {Everyone wants to make
this spectacular move. As an alternative I can suggest 22...Rd2!?} (22... Rd2
$5 23. Qh4 $1 Ne2 (23... Rad8 $5 24. Re1 $8 Ng6 25. Qg3 Qf6 26. b3 Rxa2 27. Be2
Nf4 28. Ng4 Qd4 $13) 24. Ke1 $1 Rxb2 25. Rd1 g6 $1 (25... h6 $2 26. Rd8+ Rxd8
27. Qxd8+ Kh7 28. Bd3+ f5 29. Rxg7+ Kxg7 30. Qe7+ Kh8 31. Qf6+ Kh7 32. Qxb2 Nf4
33. Qc2 $16) 26. Ng4 Nxg1 27. Rd8+ Rxd8 28. Qxd8+ Kg7 29. Qd4+ Kf8 30. Qd8+ $11
) 23. Rxc8 $6 ({The most reliable way for White is} 23. Re1 $1 Qh3+ 24. Ng2 $8
h6 25. Qh4 $1 Qxh4 26. Nxh4 Rc2 27. Nf3 Nh3 28. Rg2 Rxb2 $11 {with a roughly
equal position.}) 23... Rxc8 24. Ke1 h6 $1 25. Rg3 Qh1+ 26. Bf1 Qe4 $6 ({
It seems to me that after} 26... Rc1+ $1 {Alexander could have got an
advantage:} 27. Kd2 Rxf1 28. Nxf1 Qxf1 {To compare with the line after 26...
Qe4 27.Qd7 Rc1+ 28.Kd2 Rxf1 29.Nxf1 Qe2+ 30.Kc3 Qxf1 White's king is on d2 so
Black has an extra tempo.} 29. Qd8+ Kh7 30. Qd4 Qe2+ 31. Kc1 (31. Kc3 e5 32.
Qd7 Qh5 33. Kd2 Ne6 $17) 31... e5 32. Qd2 Qf1+ 33. Kc2 Ne2 34. Rd3 Nd4+ 35. Kc3
Qg2 $17) 27. Qd7 Rc1+ 28. Kd2 Rb1 $4 (28... Rxf1 29. Nxf1 Qe2+ 30. Kc3 Qxf1 31.
Kb3 g5 $5 ({Black can win the f2-pawn and the a2-pawn after} 31... Ne2 32. Re3
Nc1+ 33. Kc2 Qxf2+ (33... Nxa2 34. Qe8+ Kh7 35. Qxf7 Qc4+ 36. Kd1 Nb4 37. Rg3
Qc2+ 38. Ke1 Qc1+ 39. Ke2 Qxb2+ 40. Kf1 Qa1+ 41. Kg2 Nd5 42. Qg6+ Kh8 43. Qe8+
$11) {However after} 34. Qd2 {Black should trade queens:} Qxd2+ 35. Kxd2 Nxa2
36. Rb3 $1 {After this move, in order to avoid any problems Black should be
carefull.} f5 37. Kc2 a5 $8 {The only way to save the knight} 38. Rxb6 Nb4+ 39.
Kd2 $11) 32. Qd2 Qb5+ 33. Ka3 e5 34. b3 Kg7 $15 {Black's position is slightly
better.}) 29. Qc8+ Kh7 30. Qc2 $18 {Without queens Black's position is lost.
Soon his rook will be trapped.} Qxc2+ 31. Kxc2 Re1 32. Kd2 Ra1 33. a3 g5 34.
Nd1 {White is ready to trap Black's rook.} Nd5 35. Bc4 Nf6 36. Bd3+ (36. Kc2
Kg7 37. Bb5 Ne4 38. Rd3 $18) 36... Kg7 37. Bc2 Nd5 (37... b5 38. Rc3 Ng4 39. h3
Ne5 40. Rc5 Nf3+ 41. Ke3 Ne1 42. Ke2 Nxc2 43. Rxc2 $18) 38. Rd3 h5 (38... b5
39. Bb3 Nf6 40. Rd8) 39. Bb3 Nf6 (39... Ne7 40. Rd7 $18) 40. f3 g4 41. fxg4
hxg4 42. Kc2 b5 {Black wants to trap White's bishop after ...b5, ...a5, ...a4.
However White always can play Ba2! and if ...Rxa2 then Kb1.} 43. Rd6 a5 44. Rb6
a4 (44... b4 45. a4 $18) 45. Ba2 $1 Ne4 (45... Rxa2 46. Kb1 $18) 46. Rxb5 Kf6
47. Bb1 Kg6 48. Nc3 Nd6 49. Rb4 f5 50. b3 Rxa3 51. bxa4 1-0

[Event "Le Havre"]
[Site "Le Havre"]
[Date "1977.??.??"]
[Round "?"]
[White "Bohm, Hans"]
[Black "Haik, Aldo"]
[Result "0-1"]
[WhiteElo "2445"]
[BlackElo "2400"]
[Annotator "Sveshnikov,E"]
[PlyCount "50"]
[EventDate "1977.03.25"]
[EventType "tourn"]
[EventRounds "15"]
[EventCountry "FRA"]
[EventCategory "8"]
[SourceTitle "EXT 1999"]
[Source "ChessBase"]
[SourceDate "1998.11.16"]
[SourceVersion "1"]
[SourceVersionDate "1998.11.16"]
[SourceQuality "1"]

1. d4 d5 2. Nf3 c5 3. c3 e6 4. Bg5 (4. e3) (4. Bf4) 4... f6 $1 5. Bf4 Nc6 6. e3
Nge7 7. Bd3 $2 (7. dxc5 $142 e5 $44) 7... g5 8. Bg3 h5 9. h3 Kf7 $1 10. Nbd2 {
[/\ Qc2, 0-0-0]} cxd4 11. exd4 Nf5 12. Bh2 g4 13. Ng1 (13. Bxf5 $142 gxf3 (
13... exf5 14. Ng1 Bh6 15. Ne2 $13) 14. Bc2 fxg2 15. Rg1 $13) 13... e5 {()} 14.
Qb3 exd4 15. Bxf5 Bxf5 $17 16. Ne2 (16. Qxb7+ Ne7 17. cxd4 Bh6 $19) 16... Qd7
17. O-O gxh3 18. Nf4 Bh6 19. Rad1 Rag8 $19 20. cxd4 Nxd4 21. Qe3 (21. Qxd5+
Qxd5 22. Nxd5 Ne2+ 23. Kh1 hxg2#) 21... Rxg2+ 22. Nxg2 Bxe3 23. Nxe3 Bd3 24.
Rfe1 Rg8+ 25. Kh1 Nf3 $1 0-1

[Event "Capablanca Memorial Elite 35th"]
[Site "Varadero"]
[Date "2000.05.20"]
[Round "11"]
[White "Miles, Anthony John"]
[Black "Nogueiras Santiago, Jesus"]
[Result "1-0"]
[WhiteElo "2579"]
[BlackElo "2563"]
[Annotator "Tsesarsky,I"]
[PlyCount "79"]
[EventDate "2000.05.07"]
[EventType "tourn"]
[EventRounds "13"]
[EventCountry "CUB"]
[EventCategory "13"]
[SourceTitle "CBM 077"]
[Source "ChessBase"]
[SourceDate "2000.07.27"]
[SourceVersion "1"]
[SourceVersionDate "2000.07.27"]
[SourceQuality "1"]

1. d4 d5 2. Nf3 Nf6 3. Bf4 c5 4. e3 Nc6 5. c3 Bg4 (5... Qb6 {mainline}) 6. Nbd2
(6. Qb3 Qc8 (6... Na5 7. Bb5+ Bd7 8. Qa4 Nc4 (8... Qb6 9. Na3 $14) 9. Ne5 Nxe5
$11 (9... Nb6 10. Nxd7 Nfxd7 11. Qc2 $14 {1-0 Napolitano-Bernstein/cr 1947/ 
(27)})) (6... Qb6 7. dxc5 Qxb3 8. axb3 Bxf3 9. gxf3 e5 10. Bg3 Bxc5 11. b4 Bd6
12. Nd2 $11 {1-0 Illner,A-Roesemann,R/Dortmund A 1992/ (98)}) 7. Ne5 Nxe5 (7...
Bd7 8. Nd2 e6 9. Be2 Be7 10. O-O O-O $11 {1-0 Becker,A-Feigins,M/Buenos Aires
1940 (31)}) 8. dxe5 c4 9. Qa4+ Qd7 10. Qc2 Nh5 $11 {1-0 Kharlov Andrei-Rodin
Mihail/Ch Russia (club) Azov (Russia) (5) 1996/ (57)}) (6. Be2 Qb6 (6... e6 7.
Nbd2 (7. h3 Bh5 $11 (7... Bxf3 8. Bxf3 Bd6 $11 (8... Qb6 9. Qb3 c4 10. Qc2 Nd7
11. O-O f5 12. b3 $14 {1-0 Havansi,E-Pyhala,A/SSL ch Espoo 1984/ (41)}))) 7...
Qb6 (7... Be7 8. h3 Bh5 9. O-O O-O 10. Ne5 Bxe2 11. Qxe2 Qb6 $11 {1-0 Fassmann,
K-Teuber,U/Bad Urach ,EXT 1986/ (41)}) 8. Qb3 Qxb3 $11 (8... Be7 9. Qxb6 axb6
10. Bb5 Bxf3 11. Nxf3 $14 {[%csl Rb6,Rb7] 1/2-1/2 Karoly,L-Hadgkiss,C/cr-3
Ladies olm p 1981/ (49)})) 7. Qb3 Qxb3 8. axb3 e6 9. Nbd2 cxd4 10. exd4 Be7 $11
{1-0 Stadler-Baumstark,G/izt w Ohrid YUG 1971/ (31)}) 6... e6 (6... cxd4 7.
exd4 Qb6 (7... Bxf3 8. Nxf3 e6 9. Qb3 Qb6 10. Qxb6 axb6 11. Ne5 $14 {1/2-1/2
Kaunzinger,A-Andersen,J/Bayern OL9495 1994/(47)}) (7... e6 8. Qb3 Qc8 9. Bb5
Be7 $11 (9... Bxf3 10. Nxf3 Be7 11. O-O O-O 12. Rfe1 $14 {1-0 Anakiev,
D-Znuderl,M/Portoroz 1996/ (29)})) 8. Qb3 Qxb3 $11) 7. Qb3 (7. Qa4 Be7 (7...
Bxf3 8. Nxf3 Qb6 9. Rb1 (9. Bb5 Be7 (9... Nd7 10. O-O Be7 11. Rab1 $14 {
0-1 Knezevic,M-Mestrovic,Z/Keszthely 1981/ (47)}) 10. Ne5 Rc8 11. O-O Nh5 12.
Bg3 Nxg3 13. hxg3 $11 {0-1 Roux Cabral-Lasker,E/Mar del Plata 1949 (39)}) 9...
Be7 10. Bd3 O-O 11. O-O Rfd8 12. Bg3 (12. Ne5 Nxe5 (12... Rac8 13. h3 c4 14.
Be2 Ne4 15. Qc2 f6 16. Nxc6 Qxc6 17. f3 $14 {0-1 Pucelj-Mihalj/cr YUG/M 1989/
(34)}) 13. Bxe5 Nd7 14. Qc2 h6 15. Bf4 Bd6 $11) 12... Rac8 13. Ne5 Nh5 14. Qc2
g6 15. Nxc6 Qxc6 16. Be5 f6 17. Bg3 Nxg3 18. hxg3 Kg7 $11 {0-1 Keres,
P-Reshevsky,S/Kemeri 1937/ (40)}) (7... Nd7 8. Bb5 Qb6 9. O-O a6 10. Bxc6 Qxc6
11. Qxc6 bxc6 12. Ne5 Nxe5 13. Bxe5 f6 $11 {0-1 Hock,M-Bangiev,A/Berlin Summer
,EXT 1993/ (36)}) 8. Ne5 Qb6 9. Nxg4 Nxg4 10. h3 Nf6 11. Qb3 O-O 12. Qxb6 axb6
$14 {1/2-1/2 Eretova,K-Nehse,G/Halle-W 1987/EXT 87/(23)}) (7. h3 Bh5 (7... Bxf3
8. Qxf3 (8. Nxf3 Bd6 9. Bg5 h6 10. dxc5 Bxc5 11. Bf4 O-O 12. Bd3 Bd6 13. Bxd6
Qxd6 14. O-O $11 {1-0 Schultz,T-Flear,C/FrTCh, Montpellier FRA 1998/ (47)})
8... Be7 9. Bd3 cxd4 10. exd4 Rc8 11. O-O O-O 12. Rfe1 $14 {1/2-1/2 Roux,
L-Canepa,J/San Rafael 1951/ (24)}) 8. Qb3 Qb6 9. Qxb6 axb6 10. Bc7 (10. Bb5
Bxf3 11. Nxf3 Nd7 $14 {1/2-1/2 Longo,D-Hulse,B/World 1995/(52)}) 10... Nd7 (
10... c4 11. Bxb6 Bxf3 12. gxf3 Bd6 13. b3 $14 {1-0 Gonzalez,L-Bennett,C/
Thessaloniki olw 1988/EXT 88ch2/ (43)}) 11. Bb5 Rc8 12. Bf4 Be7 $11) (7. Bd3
Bd6 8. Bxd6 (8. Bg3 cxd4 9. exd4 O-O 10. O-O Bxg3 11. hxg3 $11 {1-0 Gonzalez
Perez,L-Ruiz Gutierrez,M/Grand Canaria 1993/ (26)}) (8. h3 Bh5 9. Bxd6 Qxd6 10.
O-O O-O $11 {1-0 Fontana,R-Figueroa,T/Matinhos, Parana BRA 1999/ (56)}) 8...
Qxd6 9. O-O O-O $11 {0-1 Chatalbashev,B-Dragiev,V/BUL-ch ,EXT 1995/(33)}) 7...
Qb6 (7... Qc8 $6 8. Ne5 $1 (8. Be2 Be7 9. O-O Nh5 10. Bg3 Nxg3 11. hxg3 O-O $11
{1/2-1/2 Stoppel,F-Krebs,J/AUT-chT 1994/ (73)}) 8... Be7 (8... Nxe5 9. Bxe5 Nd7
10. Qa4 $14 {[%csl Rd7,Rg4][%cal Gd4c5,Ga4g4,Gf1b5] 0-1 Kohtz,A-Rodin,M/
Pardubice Komercni Banka ,EXP 1996/(28)}) 9. Bb5 O-O 10. Bxc6 bxc6 11. Qa4 cxd4
12. Nxc6 Qd7 13. Nxe7+ Qxe7 14. Qxd4 $16 {1/2-1/2 Abel,L-Boensch,U/Szekszard
1989/ (39)}) 8. Ne5 Nxe5 (8... c4 $6 9. Qa4 Be7 10. Nxg4 Nxg4 11. Qc2 f5 12.
Bg3 h5 13. h3 Nf6 14. Be2 h4 15. Bh2 $14 {0-1 Djurovic,D-Meszaros,A/Bagneux
cat3 1992/ (39)}) 9. Bxe5 Qxb3 10. axb3 Nd7 11. Bg3 Be7 $11 {Miles plays
variation like this very often. He doesn't want to enter to sharp theoretical
variation and satisfied by equal, but playable position} 12. dxc5 $5 Bxc5 13.
b4 Be7 $6 $14 (13... Bb6 $142 $11) 14. e4 $1 {[%mdl 32] Not standard move!
White don't worry about development completion...} O-O (14... dxe4 15. Nxe4 O-O
16. Bb5 Rfd8 17. Bc7 Rdc8 18. Bd6 Nf6 19. Bxe7 Nxe4 20. f3 Rc7 21. Bh4 $16) 15.
f3 Bh5 16. exd5 exd5 17. Bb5 Nb6 18. Bf2 {[%csl Gd4,Rd5]} a6 (18... Bg5 19. Nb3
(19. Kd1 $6 Bf6 20. Re1 Rfd8 $132) 19... Nc4 20. Rxa7 Rxa7 21. Bxa7 Ra8 22. Bd4
Ra2 23. O-O Rxb2 24. Ra1 h6 25. Nc5 Be3+ 26. Bxe3 Nxe3 27. g4 Bg6 28. h4 $14)
19. Be2 Nd7 20. O-O Rfe8 21. Rfe1 f6 (21... Bg5 22. Nb3 {[%csl Ra6,Rb7,Rd5]}
Ne5 (22... Re7 23. Bf1 Rae8 24. Rxe7 Rxe7 25. b5 $16) 23. Nc5 Re7 24. b5 a5 25.
Red1 $14) 22. Nb3 Ne5 $2 $16 (22... Bd6 23. Na5 b5 24. Rad1 Bf7 25. Nb7 $14 (
25. Nc6 Ne5 $132)) 23. Na5 {[%csl Rb7]} b5 24. Rad1 Bf7 25. f4 $1 Nc4 (25...
Ng6 26. g3 {[%csl Rf7,Rg6][%cal Ge2f3]} Bd6 27. Bf3 Rxe1+ 28. Rxe1 $16) 26.
Nxc4 dxc4 {Black get rid from weakness on d5, but don't get equal position...}
({Equal was not standard} 26... bxc4 $5 27. Bf3 Rad8 28. Ra1 Rd6 29. Ra5 $16)
27. Bf3 {White pieces placed considerably better than Black opponents} Rad8 28.
Ra1 $1 {[%csl Ra6]} Bf8 (28... Bd6 29. Rxe8+ Bxe8 30. g3 Bc7 31. Rxa6 $16) 29.
Rxe8 Bxe8 30. Rxa6 Rd2 31. Ra8 Kf7 32. Be3 Rd3 33. Kf2 f5 $2 $18 {Now plan of
winning is clear: to change RR and black squares BB.} (33... g6 $142 $16) 34.
Bc5 $1 Be7 (34... Bxc5+ 35. bxc5 Rd2+ 36. Ke3 Rxb2 37. c6 $18) 35. Ra7 Rd7 36.
Rxd7 Bxd7 37. Bd5+ Kf6 38. Bxe7+ Kxe7 39. Ke3 {[%mdl 4096]} Kd6 40. Kd4 {
I support, Black lost because of time control finish, but this ending is lost}
(40. Kd4 h6 41. h4 Be8 42. b3 cxb3 43. Bxb3 Bc6 44. g3 Be8 45. Bc2 Bd7 46. Bd3
g6 47. c4 bxc4 48. Bxc4 Be8 49. b5 $18) 1-0